00426nam a22001331a 4500003000600000005001700006008004100023100003200064245005200096260005300148300002700201600003400228630003000262NEGST20110718123002.0030627s1993 001 0 eng d1 aSociete Biblique au Rwanda.10aBibliya Yera. /cUmuryango wa Biblia mu Rwanda. aKigali :bUmuryango wa Biblia mu Rwanda,cc1993. avi, 916, 284p. : maps.10aKinyarwanda language - Texts.00aBible. Kinyarwanda. 1993.